000 00290nam a22001337a 4500
008 170526b xxu||||| |||| 00| 0 eng d
020 _a0827327625
041 _aeng
080 _26TH
_a621.3
100 _a25
101 _aIM
245 _aELECTRICAL WIRING
_cSMITH, R.L
942 _2udc
_cBK
999 _c14426
_d14426